Výpečky a vejškrabky /

Hlavní autor: Špinková, Vlasta, 1950-
Jazyk: Čeština
Vydáno: Plzeň : Miloslav Krist - ArtKrist, 2023
Vydání: Vydání první
Témata:
Fyzický popis: 60 stran ; 21 cm
Knihy
Uloženo v:
LEADER 01129nam a2200361 i 4500
001 nkc20233528352
003 CZ PrNK
005 20230811075240.0
007 ta
008 230629s2023 xr g 000 p cze
015 |a cnb003528352 
020 |a 978-80-88357-32-2  |q (brožováno) 
035 |a (OCoLC)1396729957 
040 |a BOA001  |b cze  |e rda 
072 7 |a 821.162.3-1  |x Česká poezie  |2 Konspekt  |9 25 
080 |a 821.162.3-1  |2 MRF 
080 |a (0:82-1)  |2 MRF 
100 1 |a Špinková, Vlasta,  |d 1950-  |7 pna2006370592  |4 aut 
245 1 0 |a Výpečky a vejškrabky /  |c Vlasta Špinková 
250 |a Vydání první 
264 1 |a Plzeň :  |b Miloslav Krist - ArtKrist,  |c 2023 
300 |a 60 stran ;  |c 21 cm 
336 |a text  |b txt  |2 rdacontent 
337 |a bez média  |b n  |2 rdamedia 
338 |a svazek  |b nc  |2 rdacarrier 
655 7 |a česká poezie  |7 fd133958  |2 czenas 
655 9 |a Czech poetry  |2 eczenas 
910 2 |a BOA001  |b 2-1507.917 
928 9 |a ArtKrist 
990 |a BK 
995 |a 01 
991 |b 202307  |c NOV 
996 6 |b 2610942926  |c 2-1507.917  |l MZK  |r Sklad / do 1 hodiny  |n 0  |p p.v.  |w 001931782  |u 000010  |a 1  |e BOA001  |j MZK50  |s P